00659 a2200133 4500003000500000005001700005040000900022082001400031100002000045245007900065260003000144300001200174505033900186Nust20230315095012.0 cNust a384.5,MAU aJ. O. Mauborgne aPractical uses of the Wave Meter in Wireless Telegraphy /cJ. O. Mauborgne aLondonbMcGraw-Hillc1913 a74pages aGeneral Remarks (Page-1), Types of Wave Meters in use in the U.S. Signal Corps (Page-11), Uses of Wave Meters (Page-20), Tuning the Sending Station (Page-22), Measurement of Damping and Logarithmic Decrement (Page-31), Measurement of Wave length of the receiving station (Page-48), Measurements of Capacity and Inductance (Page-59).